00621nam a2200157 a 450000100100000000500170001000800410002704000250006808200150009310000370010824500510014526000370019630000270023395201860026099900170044600003483720250206104242.0111020s1985 xxua 000 0 spa d aDO-SdBNPbspacBNPHU axxxbM357e1 aMárquez, Carlos,b1953-95832513aEl humo de las lámparas /cCarlos Márquez. aEstados Unidos :b[s.n.],c1985. a48 p. :bil. ;c22 cm. 001050718MOaPDbPDcCTd2011-10-20iLF1l0oxxx M357ep34837-10r2020-06-25w2020-06-25y1zPerteneció a la biblioteca personal de Juan Isidro Jimenes- GrullónZNo se presta c34328d34328